From Edison to LEDs : (Record no. 172168)
[ view plain ]
| 000 -LEADER | |
|---|---|
| fixed length control field | 00879cam a2200265 i 4500 |
| 001 - CONTROL NUMBER | |
| control field | 1351935617 |
| 003 - CONTROL NUMBER IDENTIFIER | |
| control field | OSt |
| 005 - DATE AND TIME OF LATEST TRANSACTION | |
| control field | 20250705143859.0 |
| 008 - FIXED-LENGTH DATA ELEMENTS--GENERAL INFORMATION | |
| fixed length control field | 220927s2023 njua 001 0 eng |
| 020 ## - INTERNATIONAL STANDARD BOOK NUMBER | |
| International Standard Book Number | 9789811268274 (paperback) |
| 024 ## - OTHER STANDARD IDENTIFIER | |
| Terms of availability | USD 41 |
| 040 ## - CATALOGING SOURCE | |
| Original cataloging agency | DLC |
| Language of cataloging | eng |
| Description conventions | rda |
| Transcribing agency | NUST |
| Modifying agency | NUST |
| 050 04 - LIBRARY OF CONGRESS CALL NUMBER | |
| Classification number | TK4310 RAH |
| 100 1# - MAIN ENTRY--PERSONAL NAME | |
| Personal name | Rahman, Faiz |
| Relator term | Author |
| 245 10 - TITLE STATEMENT | |
| Title | From Edison to LEDs : |
| Remainder of title | the science and story of light sources / |
| Statement of responsibility, etc. | Faiz Rahman. |
| 260 ## - PUBLICATION, DISTRIBUTION, ETC. | |
| Place of publication, distribution, etc. | Singapore : |
| Name of publisher, distributor, etc. | World Scientific Publishing Co. Pte, Ltd, |
| Date of publication, distribution, etc. | ©2023. |
| 300 ## - PHYSICAL DESCRIPTION | |
| Extent | xi, 499 pages : |
| Other physical details | Illustrations ; |
| Dimensions | 24 cm. |
| 336 ## - CONTENT TYPE | |
| Content type term | text |
| Content type code | txt |
| Source | rdacontent |
| 337 ## - MEDIA TYPE | |
| Media type term | unmediated |
| Media type code | n |
| Source | rdamedia |
| 338 ## - CARRIER TYPE | |
| Carrier type term | volume |
| Carrier type code | nc |
| Source | rdacarrier |
| 504 ## - BIBLIOGRAPHY, ETC. NOTE | |
| Bibliography, etc. note | Includes index. |
| 650 #0 - SUBJECT ADDED ENTRY--TOPICAL TERM | |
| Form subdivision | Electric lamps -- History. |
| 650 #0 - SUBJECT ADDED ENTRY--TOPICAL TERM | |
| Form subdivision | Light sources -- History. |
| 942 ## - ADDED ENTRY ELEMENTS (KOHA) | |
| Source of classification or shelving scheme | Library of Congress Classification |
| Koha item type | Ordinary Loan Books |
| Classification part | TK4310 RAH |
| Call number prefix | TK |
| Call number suffix | RAH |
| Suppress in OPAC | No |
| Withdrawn status | Lost status | Source of classification or shelving scheme | Damaged status | Not for loan | Collection | Home library | Current library | Shelving location | Date acquired | Source of acquisition | Cost, normal purchase price | Total Checkouts | Full call number | Barcode | Date last seen | Accession number | Cost, replacement price | Price effective from | Koha item type | Public note |
|---|---|---|---|---|---|---|---|---|---|---|---|---|---|---|---|---|---|---|---|---|
| LCC | NFIC | MAIN | MAIN | GEN | 07/05/2025 | Book Aid International | 41.00 | TK4310 RAH | 92004055254 | 07/05/2025 | 61650 | 41.00 | 07/05/2025 | BOOKS | Donation |